[Event "DMSl_2006_LSS_R3"]
[Site "SZSzach"]
[Date "2006.02.26"]
[Round "3.1"]
[White "Bulski, Krzysztof"]
[Black "Pinkas, Karol"]
[Result "1/2-1/2"]
[WhiteElo "2366"]
[BlackElo "2295"]
[PlyCount "137"]
[EventDate "2006.??.??"]

1. e4 e5 2. Nf3 Nc6 3. Bc4 Nf6 4. d4 exd4 5. e5 d5 6. Bb5 Ne4 7. Nxd4 Bc5 8.
Be3 Bd7 9. Bxc6 bxc6 10. O-O Qe7 11. f3 Nd6 12. Bf2 Nf5 13. c3 O-O 14. Re1 Rab8
15. b4 Bxd4 16. Bxd4 Nxd4 17. Qxd4 c5 18. bxc5 Rb2 19. h4 Rb5 20. Nd2 Rxc5 21.
Rab1 Ra5 22. Rb7 Ra4 23. c4 Bc6 24. Rxa7 Rxa7 25. Qxa7 dxc4 26. Qe3 Qxh4 27.
Rc1 Bd5 28. Nb1 Qe7 29. Nc3 c6 30. Rd1 Rd8 31. Qb6 h6 32. a4 Ra8 33. Qd4 Qg5
34. Kf1 h5 35. Rb1 Qf5 36. Re1 Qe6 37. Kg1 Qf5 38. Kf1 Ra5 39. Kg1 Qe6 40. Rb1
Ra8 41. Re1 Re8 42. Re2 Ra8 43. Re1 Rb8 44. a5 Ra8 45. Ra1 Ra6 46. Kf1 g5 47.
Qe3 Qf5 48. Ne2 h4 49. Nd4 Qg6 50. Kf2 g4 51. Qf4 h3 52. gxh3 g3+ 53. Qxg3
Qxg3+ 54. Kxg3 c5 55. Nb5 Rg6+ 56. Kf2 Bc6 57. Nd6 Rh6 58. a6 Rxh3 59. Ne4 Kg7
60. a7 Rh8 61. Rg1+ Kf8 62. Rb1 Ke7 63. Rb8 Rh2+ 64. Ke3 Ra2 65. Nd6 Ra3+ 66.
Kd2 Bxf3 67. Nxc4 Rxa7 68. Rc8 Bd5 69. Rxc5 1/2-1/2

[Event "DMSl_2006_LSS_R3"]
[Site "SZSzach"]
[Date "2006.02.26"]
[Round "3.3"]
[White "Masternak, Aleksander"]
[Black "Zowada, Kazimierz"]
[Result "1-0"]
[WhiteElo "2224"]
[BlackElo "2153"]
[PlyCount "71"]
[EventDate "2006.??.??"]

1. e4 d6 2. d4 Nf6 3. Nc3 c6 4. f4 g6 5. Nf3 Bg7 6. Be3 b5 7. e5 Ng4 8. Bg1
dxe5 9. dxe5 Qa5 10. Bd3 f5 11. h3 Nh6 12. a4 b4 13. Ne2 Be6 14. Ned4 Bd5 15.
Qd2 Na6 16. Nb3 Bxb3 17. cxb3 O-O 18. Qc2 Nb8 19. Bc5 Qc7 20. O-O a5 21. Ng5
Qb7 22. Rfd1 Kh8 23. Rd2 Nf7 24. Nxf7+ Rxf7 25. Bc4 Rf8 26. Rad1 Bh6 27. g3 Na6
28. Bxa6 Qxa6 29. Bxe7 Rfe8 30. Bf6+ Bg7 31. Bxg7+ Kxg7 32. Rd7+ Kh8 33. Qc5
Qe2 34. Qxc6 Ra6 35. Qb7 Qe3+ 36. Kf1 1-0

[Event "DMSl_2006_LSS_R3"]
[Site "SZSzach"]
[Date "2006.02.26"]
[Round "3.2"]
[White "Stachanczyk, Jacek"]
[Black "Markiewicz, Jacek"]
[Result "0-1"]
[WhiteElo "2144"]
[BlackElo "2261"]
[PlyCount "32"]
[EventDate "2006.??.??"]

1. e4 c5 2. Nf3 Nc6 3. d4 cxd4 4. Nxd4 e5 5. Nb5 a6 6. Nd6+ Bxd6 7. Qxd6 Qf6 8.
Qd1 Qg6 9. Nc3 d5 10. exd5 Nd4 11. Bd3 Qxg2 12. Be4 Qh3 13. Rg1 Nf6 14. Qd3
Qxd3 15. cxd3 Nxe4 16. dxe4 Nf3+ 0-1

[Event "DMSl_2006_LSS_R3"]
[Site "SZSzach"]
[Date "2006.02.26"]
[Round "3.4"]
[White "Majcher, Marcin"]
[Black "Kwiecien, Zbigniew"]
[Result "1/2-1/2"]
[WhiteElo "2066"]
[BlackElo "2193"]
[PlyCount "60"]
[EventDate "2006.??.??"]

1. e4 e6 2. d4 d5 3. Nc3 dxe4 4. Nxe4 Nd7 5. Nf3 Ngf6 6. Bg5 Be7 7. Nxf6+ Nxf6
8. Bd3 O-O 9. Qe2 c5 10. dxc5 Qa5+ 11. c3 Qxc5 12. O-O h6 13. Bh4 Rd8 14. Ne5
b6 15. Bc4 b5 16. Bb3 a5 17. a3 Ra6 18. Rfd1 Rad6 19. Rxd6 Rxd6 20. Ng4 Nd5 21.
Bg3 Rd8 22. Be5 Bb7 23. Bd4 Qc6 24. Ne5 Nf4 25. Nxc6 Nxe2+ 26. Kf1 Bxc6 27.
Kxe2 Bg5 28. g3 a4 29. Bc2 e5 30. Be3 Be7 1/2-1/2

[Event "DMSl_2006_LSS_R3"]
[Site "SZSzach"]
[Date "2006.02.26"]
[Round "3.5"]
[White "Matyszkiewicz, Marcin"]
[Black "Dubiel, Lukasz"]
[Result "1-0"]
[WhiteElo "2099"]
[BlackElo "1893"]
[PlyCount "67"]
[EventDate "2006.??.??"]

1. d4 d5 2. Nc3 Nf6 3. Bg5 e6 4. e4 Be7 5. e5 Nfd7 6. h4 Nb6 7. Bd3 Nc6 8. Qg4
h5 9. Bxe7 hxg4 10. Bxd8 Kxd8 11. Nge2 Nb4 12. O-O-O Bd7 13. a3 Nxd3+ 14. Rxd3
f5 15. exf6 gxf6 16. Nf4 Re8 17. b3 c6 18. Nh5 Rf8 19. Re3 e5 20. Ne2 e4 21.
Nef4 Rf7 22. f3 f5 23. Ng6 Kc7 24. Ne5 Rff8 25. fxe4 fxe4 26. Rg3 Rf2 27. Nxg4
Bxg4 28. Rxg4 Raf8 29. Ng7 R8f7 30. h5 Nd7 31. h6 Nf6 32. h7 Nxh7 33. Rxh7 Kb6
34. Rh1 1-0

[Event "DMSl_2006_LSS_R3"]
[Site "SZSzach"]
[Date "2006.02.26"]
[Round "3.6"]
[White "Labedz, Patrycja"]
[Black "Blimke, Dalia"]
[Result "0-1"]
[WhiteElo "1941"]
[BlackElo "2220"]
[PlyCount "78"]
[EventDate "2006.??.??"]

1. e4 c5 2. Nf3 e6 3. d4 cxd4 4. Nxd4 Nc6 5. Nc3 Qc7 6. f4 a6 7. Nxc6 Qxc6 8.
Bd3 b5 9. a3 Bb7 10. Be3 Nf6 11. Qd2 Rc8 12. O-O Bc5 13. h3 O-O 14. Bxc5 Qxc5+
15. Qf2 d5 16. exd5 Nxd5 17. Qxc5 Rxc5 18. Nxd5 Bxd5 19. b3 Rc3 20. Rfd1 g6 21.
Rd2 Rd8 22. Rad1 Rdc8 23. Kf2 Kg7 24. b4 f5 25. g4 h6 26. Rg1 fxg4 27. Rxg4 Kf6
28. Rg3 Be4 29. Re3 Bxd3 30. Rdxd3 Rxc2+ 31. Kg3 R8c6 32. Kh4 Rg2 33. Rg3 Rf2
34. Rgf3 Rxf3 35. Rxf3 e5 36. fxe5+ Kxe5 37. Kg4 Ke4 38. Rf4+ Ke3 39. h4 Kd3
0-1

[Event "DMSl_2006_LSS_R3"]
[Site "SZSzach"]
[Date "2006.02.26"]
[Round "3.7"]
[White "Drozd, Ryszard"]
[Black "Maciol, Ryszard"]
[Result "0-1"]
[WhiteElo "2263"]
[BlackElo "2236"]
[PlyCount "116"]
[EventDate "2006.??.??"]

1. d4 Nf6 2. c4 e6 3. Nf3 c5 4. d5 exd5 5. cxd5 d6 6. Nc3 a6 7. a4 g6 8. g3 Bg7
9. Bg2 O-O 10. O-O Re8 11. Nd2 Nbd7 12. Qc2 b6 13. h3 Rb8 14. Nc4 Ne5 15. Na3
Qc7 16. f4 Ned7 17. e4 c4 18. Kh2 Qc5 19. Re1 b5 20. Be3 Qb4 21. axb5 axb5 22.
Bd2 Qc5 23. Na2 Qb6 24. Nb4 Nc5 25. Be3 Qc7 26. e5 Bf5 27. Qd1 Nfd7 28. Nc6 Nb3
29. Nxb8 Qxb8 30. Ra2 dxe5 31. Nc2 Qd6 32. fxe5 Bxe5 33. Bf4 Rc8 34. Bxe5 Nxe5
35. Nd4 Nxd4 36. Qxd4 Nd3 37. Rf1 Nb4 38. Ra5 Rb8 39. Qa7 h5 40. h4 Nd3 41. Qd4
Nb4 42. Rd1 Bd3 43. Qf4 Qxf4 44. gxf4 Kg7 45. Kg3 Kf6 46. Ra7 Rd8 47. Rb7 Nxd5
48. Rxb5 Ne3 49. Rb6+ Kg7 50. Re1 Nf5+ 51. Kh3 Rd4 52. Bf1 Rxf4 53. Bxd3 Rxh4+
54. Kg2 cxd3 55. Kf2 Rf4+ 56. Kg2 d2 57. Ra1 Ne3+ 58. Kg3 Rg4+ 0-1

[Event "DMSl_2006_LSS_R3"]
[Site "SZSzach"]
[Date "2006.02.26"]
[Round "3.8"]
[White "Diczew, Filip"]
[Black "Osipow, Nikolaj"]
[Result "1-0"]
[WhiteElo "2154"]
[BlackElo "2203"]
[PlyCount "81"]
[EventDate "2006.??.??"]

1. e4 Nf6 2. Nc3 e5 3. g3 d5 4. exd5 Nxd5 5. Bg2 Be6 6. Qe2 Nxc3 7. bxc3 Nc6 8.
Nf3 Bd6 9. O-O O-O 10. d3 h6 11. a4 Qd7 12. a5 Rae8 13. Re1 f5 14. Qf1 f4 15.
gxf4 exf4 16. Bd2 Rf6 17. Kh1 Ref8 18. d4 Qf7 19. Rxe6 Qxe6 20. c4 Qf5 21. c5
Be7 22. Qc4+ Kh8 23. d5 Rg6 24. Qd3 Qxd3 25. cxd3 Nd8 26. d4 Rgf6 27. Re1 Re8
28. Bh3 Rf7 29. Ne5 Rf6 30. Bxf4 g5 31. Bg3 Kg7 32. Nd7 Ra6 33. Bxc7 Kf7 34.
Ne5+ Kg7 35. Nc4 Kf7 36. Bg4 Rh8 37. Bh5+ Kf8 38. Ne5 Kg7 39. Nd7 Bf6 40. Nxf6
Rxf6 41. Be5 1-0

[Event "DMSl_2006_LSS_R3"]
[Site "SZSzach"]
[Date "2006.02.26"]
[Round "3.9"]
[White "Janiszewski, Maciej"]
[Black "Swiercz, Dariusz"]
[Result "0-1"]
[WhiteElo "2127"]
[BlackElo "2137"]
[PlyCount "66"]
[EventDate "2006.??.??"]

1. e4 c5 2. Nf3 d6 3. d3 Nc6 4. Nbd2 g6 5. g3 Bg7 6. Bg2 e5 7. O-O Nge7 8. h4
Bg4 9. Re1 O-O 10. Nf1 f6 11. N1h2 Be6 12. Be3 b6 13. c4 a6 14. Qd2 b5 15. b3
Qd7 16. Bh6 Rfb8 17. Kh1 a5 18. Ng1 Nd4 19. Bxg7 Kxg7 20. f4 Nec6 21. Rf1 a4
22. cxb5 Rxb5 23. bxa4 Rxa4 24. f5 gxf5 25. Ng4 fxg4 26. Rxf6 Kxf6 27. Qg5+ Kf7
28. Rf1+ Ke8 29. Nh3 Qe7 30. Qh5+ Kd8 31. Ng5 Kc7 32. Nxh7 Rxa2 33. Nf6 Rbb2
0-1

[Event "DMSl_2006_LSS_R3"]
[Site "SZSzach"]
[Date "2006.02.26"]
[Round "3.10"]
[White "Swiatloch, Michal"]
[Black "Zarychta, Krzysztof"]
[Result "0-1"]
[WhiteElo "2114"]
[BlackElo "2203"]
[PlyCount "66"]
[EventDate "2006.??.??"]

1. e4 c5 2. c3 Nf6 3. e5 Nd5 4. d4 cxd4 5. cxd4 Nc6 6. Nf3 d6 7. Bc4 Nb6 8.
Bxf7+ Kxf7 9. Ng5+ Kg8 10. e6 Nd5 11. O-O Qe8 12. Nc3 Nf6 13. Nf7 Bxe6 14. Nxh8
Bc4 15. Re1 Kxh8 16. b3 Bf7 17. Bb2 Qd7 18. Qd2 Nb4 19. Ne4 Nxe4 20. Rxe4 Nd5
21. Rh4 Rc8 22. Qd3 g6 23. Re1 Qf5 24. Qxf5 gxf5 25. Re2 Bg7 26. g3 Bf6 27. Rh3
Kg7 28. Kg2 Rc6 29. Kg1 Bg5 30. g4 fxg4 31. Rg3 h5 32. h3 Nf4 33. Rxe7 Rc2 0-1

[Event "DMSl_2006_LSS_R3"]
[Site "SZSzach"]
[Date "2006.02.26"]
[Round "3.11"]
[White "Kryjak, Andrzej"]
[Black "Ociepka, Tomasz"]
[Result "1-0"]
[WhiteElo "2118"]
[BlackElo "1995"]
[PlyCount "61"]
[EventDate "2006.??.??"]

1. e4 e6 2. Nf3 d5 3. Nc3 Nf6 4. e5 Nfd7 5. d4 c5 6. dxc5 Bxc5 7. Bd3 Nc6 8.
Qe2 a6 9. Bf4 b5 10. O-O O-O 11. Bxh7+ Kxh7 12. Ng5+ Kg6 13. Qd3+ f5 14. Qg3
Qe8 15. Nxe6+ Kf7 16. Nc7 Qd8 17. e6+ Kg8 18. exd7 Bxd7 19. Nxa8 Qxa8 20. Rfe1
Nd4 21. Be5 Rf7 22. Qd3 Ne6 23. Qxd5 Bc6 24. Qxe6 Bxg2 25. Bf4 Bxf2+ 26. Kxf2
Qf3+ 27. Kg1 Bh3 28. Qg6 Qxf4 29. Rad1 Qb8 30. Rd4 Qa8 31. Nd5 1-0

[Event "DMSl_2006_LSS_R3"]
[Site "SZSzach"]
[Date "2006.02.26"]
[Round "3.12"]
[White "Kumorowicz, Katarzyna"]
[Black "Tekielak, Izabela"]
[Result "0-1"]
[WhiteElo "1955"]
[BlackElo "2115"]
[PlyCount "116"]
[EventDate "2006.??.??"]

1. e4 e5 2. Nf3 Nf6 3. Nxe5 d6 4. Nf3 Nxe4 5. Nc3 Nxc3 6. dxc3 Be7 7. Be3 Nc6
8. Qd2 Ne5 9. O-O-O Be6 10. Bd4 Bf6 11. Qe3 Nc6 12. Bxf6 Qxf6 13. Bc4 O-O 14.
Bd3 Rfe8 15. Rde1 Bd7 16. Qg5 Qxg5+ 17. Nxg5 h6 18. Nf3 Kf8 19. Kd2 Ne5 20.
Nxe5 dxe5 21. c4 Rad8 22. Kc3 f5 23. f3 c5 24. a3 Kf7 25. b4 b6 26. bxc5 bxc5
27. Rb1 e4 28. fxe4 fxe4 29. Be2 Bc6 30. Rbd1 Ke7 31. Rxd8 Rxd8 32. Rd1 Rxd1
33. Bxd1 Kf6 34. Kd2 Ke5 35. Ke3 Ba4 36. Bh5 Bxc2 37. Bg6 Bd3 38. Bf7 Bf1 39.
g3 Bh3 40. Bd5 Bf5 41. Bg8 g5 42. Bf7 Bh7 43. Bd5 Bg6 44. Bg8 h5 45. Bd5 h4 46.
g4 h3 47. Bc6 Bf7 48. Bxe4 Bxc4 49. Bc2 Be6 50. Bd1 Bd5 51. Be2 Be4 52. Bf1 Bg2
53. Bd3 Kd6 54. Kd2 Bf3 55. Ke3 Bxg4 56. Ke4 Be6 57. Bf1 g4 58. Kf4 c4 0-1

[Event "DMSl_2006_LSS_R3"]
[Site "SZSzach"]
[Date "2006.02.26"]
[Round "3.13"]
[White "Kozak, Pawel"]
[Black "Jurek, Pawel"]
[Result "1-0"]
[WhiteElo "2085"]
[BlackElo "2177"]
[PlyCount "69"]
[EventDate "2006.??.??"]

1. c4 Nf6 2. Nc3 d5 3. cxd5 Nxd5 4. g3 g6 5. Bg2 Nxc3 6. bxc3 Bg7 7. Rb1 Nd7 8.
Nf3 O-O 9. O-O Nb6 10. d4 c5 11. e3 cxd4 12. cxd4 Be6 13. Ra1 Rc8 14. Nd2 Qd7
15. Nb3 Na4 16. Ba3 b6 17. Qd2 Rc4 18. Rac1 Rfc8 19. Rxc4 Rxc4 20. Rc1 Bf6 21.
Rxc4 Bxc4 22. Qc2 Qb5 23. Be4 Bd5 24. Nd2 Bxe4 25. Nxe4 Qd7 26. Nxf6+ exf6 27.
Qe4 Qc8 28. Qe7 Kg7 29. d5 Nc5 30. Bxc5 Qxc5 31. d6 f5 32. Qc7 Qd5 33. d7 Qd1+
34. Kg2 Qd5+ 35. Kh3 1-0

[Event "DMSl_2006_LSS_R3"]
[Site "SZSzach"]
[Date "2006.02.26"]
[Round "3.14"]
[White "Lukaszek, Stanislaw"]
[Black "Grzenia, Jerzy"]
[Result "1/2-1/2"]
[WhiteElo "2091"]
[BlackElo "2103"]
[PlyCount "57"]
[EventDate "2006.??.??"]

1. d4 Nf6 2. c4 e6 3. Nc3 Bb4 4. g3 O-O 5. Bg2 d5 6. Nf3 c6 7. O-O b6 8. Ne5
Bb7 9. Qc2 Nbd7 10. Bg5 Be7 11. Rad1 Nxe5 12. dxe5 Nd7 13. Bf4 Rc8 14. h4 Qc7
15. Rfe1 a6 16. Qb1 Bb4 17. a3 Bxc3 18. bxc3 Nxe5 19. c5 b5 20. c4 f6 21. e4
bxc4 22. Qa1 Qf7 23. Re2 Nd3 24. Bd6 Rfe8 25. Rb1 f5 26. exf5 exf5 27. Rxe8+
Rxe8 28. Qc3 Ba8 29. Bf1 1/2-1/2

[Event "DMSl_2006_LSS_R3"]
[Site "SZSzach"]
[Date "2006.02.26"]
[Round "3.16"]
[White "Kwasny, Leszek"]
[Black "Chrobak, Piotr"]
[Result "1/2-1/2"]
[WhiteElo "1909"]
[BlackElo "2029"]
[PlyCount "34"]
[EventDate "2006.??.??"]

1. Nf3 c5 2. b3 Nf6 3. Bb2 Nc6 4. e3 d5 5. d4 cxd4 6. exd4 e6 7. a3 Bd6 8. Bd3
O-O 9. O-O Ne7 10. Nbd2 Ng6 11. c4 Bd7 12. Ne5 Nf4 13. Bc1 Bc6 14. Ndf3 Bxe5
15. Nxe5 Ng6 16. Nxc6 bxc6 17. Ra2 Nd7 1/2-1/2

[Event "DMSl_2006_LSS_R3"]
[Site "SZSzach"]
[Date "2006.02.26"]
[Round "3.17"]
[White "Staszczyk, Waldemar"]
[Black "Nieradka, Feliks"]
[Result "1/2-1/2"]
[WhiteElo "2044"]
[BlackElo "2036"]
[PlyCount "67"]
[EventDate "2006.??.??"]

1. e4 e6 2. d4 d5 3. Nd2 c5 4. Bb5+ Bd7 5. Bxd7+ Qxd7 6. exd5 Qxd5 7. Ndf3 Nc6
8. Ne2 cxd4 9. Nexd4 Rd8 10. Be3 Qa5+ 11. Bd2 Qb6 12. Nxc6 Qxc6 13. O-O Nf6 14.
c3 Bc5 15. Qe2 O-O 16. h3 h6 17. Be3 Qe4 18. Rfe1 Bxe3 19. Qxe3 Qxe3 20. Rxe3
Rd5 21. Rae1 Rfd8 22. Re5 Rxe5 23. Rxe5 Rd1+ 24. Re1 Rxe1+ 25. Nxe1 Kf8 26. Kf1
Ke7 27. Ke2 Kd6 28. Nd3 e5 29. Ke3 g6 30. g4 Nd5+ 31. Ke4 Nf6+ 32. Ke3 Nd5+ 33.
Ke4 Nf6+ 34. Ke3 1/2-1/2

[Event "DMSl_2006_LSS_R3"]
[Site "SZSzach"]
[Date "2006.02.26"]
[Round "3.19"]
[White "Kubit, Tomasz"]
[Black "Walach, Marcin"]
[Result "0-1"]
[WhiteElo "2180"]
[BlackElo "2383"]
[PlyCount "82"]
[EventDate "2006.??.??"]

1. e4 e5 2. Nf3 Nc6 3. c3 d5 4. Qa4 f6 5. Bb5 Nge7 6. exd5 Qxd5 7. O-O Bd7 8.
Re1 a6 9. Bc4 Qd6 10. Qa3 b5 11. Bb3 Qd3 12. Qc5 Nf5 13. Qd5 Qxd5 14. Bxd5
O-O-O 15. d3 Nce7 16. Be4 Nd6 17. Nbd2 Nxe4 18. dxe4 g5 19. Nb3 Ng6 20. Be3 Nf4
21. Red1 Be7 22. g3 Bh3 23. Rxd8+ Rxd8 24. Nbd2 Nd3 25. Rb1 Be6 26. Kf1 c5 27.
Ne1 Kb7 28. Nxd3 Rxd3 29. Ke2 c4 30. a3 Kc6 31. f3 a5 32. Rc1 h5 33. b4 Bd8 34.
Nb1 g4 35. f4 f5 36. Rf1 exf4 37. gxf4 axb4 38. axb4 fxe4 39. f5 Bf7 40. Rf4
Bg5 41. Rxe4 Bd5 0-1

[Event "DMSl_2006_LSS_R3"]
[Site "SZSzach"]
[Date "2006.02.26"]
[Round "3.20"]
[White "Kornasiewicz, Stanislaw"]
[Black "Moroz, Henryk"]
[Result "1-0"]
[WhiteElo "2218"]
[BlackElo "2072"]
[PlyCount "67"]
[EventDate "2006.??.??"]

1. e4 c6 2. d3 d5 3. Nd2 e5 4. Ngf3 Bd6 5. g3 Ne7 6. Bg2 O-O 7. O-O f5 8. c4
dxe4 9. dxe4 f4 10. c5 Bxc5 11. Qb3+ Kh8 12. Nxe5 fxg3 13. Nf7+ Rxf7 14. Qxf7
gxf2+ 15. Kh1 Bg4 16. Nb3 Bd6 17. Qxf2 Ng6 18. Be3 Nd7 19. Nc5 Nxc5 20. Bxc5
Be5 21. Be3 Qe7 22. Bc5 Qd7 23. Rae1 Qc7 24. Bd4 Be6 25. Bxe5 Qxe5 26. b3 b6
27. Rd1 c5 28. Qd2 Nh4 29. Qd6 Qg5 30. Qg3 Qh5 31. Rd6 Bg4 32. Rd5 g5 33. Qe5+
Kg8 34. Qxg5+ 1-0

[Event "DMSl_2006_LSS_R3"]
[Site "SZSzach"]
[Date "2006.02.26"]
[Round "3.21"]
[White "Kliemt, Grzegorz"]
[Black "Brozek, Zbigniew"]
[Result "0-1"]
[WhiteElo "2076"]
[BlackElo "2108"]
[PlyCount "56"]
[EventDate "2006.??.??"]

1. c4 Nf6 2. Nc3 e5 3. g3 d5 4. cxd5 Nxd5 5. Bg2 Nxc3 6. bxc3 Bd6 7. Rb1 c6 8.
Nf3 O-O 9. O-O Nd7 10. d4 Qa5 11. Qc2 Nb6 12. Ng5 g6 13. Ne4 Be7 14. dxe5 Qxe5
15. c4 Qe6 16. Bh6 Re8 17. Qb2 f6 18. c5 Nc4 19. Qb3 Rb8 20. Qa4 Ra8 21. Rfd1
Ne5 22. Nd6 Bxd6 23. Rxd6 Qe7 24. Be3 Nf7 25. Rxc6 Bf5 26. Rxb7 Qxb7 27. Rxf6
Qb1+ 28. Bf1 Bh3 0-1

[Event "DMSl_2006_LSS_R3"]
[Site "SZSzach"]
[Date "2006.02.26"]
[Round "3.22"]
[White "Zawierucha, Aleksander"]
[Black "Warchalowski, Daniel"]
[Result "0-1"]
[WhiteElo "2039"]
[BlackElo "1990"]
[PlyCount "98"]
[EventDate "2006.??.??"]

1. e4 e5 2. Nf3 Nc6 3. Bb5 g6 4. O-O Bg7 5. Re1 Nge7 6. c3 a6 7. Ba4 d6 8. d4
O-O 9. d5 Nb8 10. Be3 h6 11. Nbd2 Kh7 12. Bc2 f5 13. exf5 Bxf5 14. Ne4 Qc8 15.
Nh4 Nd7 16. Nxf5 Nxf5 17. Qd3 Qe8 18. Bd2 Qf7 19. Qh3 Kg8 20. Re2 Nf6 21. c4
Nd4 22. Qd3 Nxe4 23. Qxe4 Nxe2+ 24. Qxe2 Rae8 25. Rf1 e4 26. Bxe4 Qf5 27. Bxf5
Rxe2 28. Be6+ Kh8 29. Be3 Rxb2 30. c5 Rxa2 31. g3 Ra1 32. Rxa1 Bxa1 33. Kf1 a5
34. cxd6 cxd6 35. Bd7 Rf7 36. Bb5 Rf5 37. Bc4 a4 38. Bc1 Rf3 39. Be3 Bg7 40.
Ke2 Rf8 41. Kd3 Rc8 42. Bd2 b5 43. Ba2 Bf8 44. Bc3+ Kg8 45. Kd2 Kf7 46. f4 Bg7
47. Bb4 Ke7 48. h3 Bd4 49. g4 Bc5 0-1

[Event "DMSl_2006_LSS_R3"]
[Site "SZSzach"]
[Date "2006.02.26"]
[Round "3.23"]
[White "Jacel, Lukasz"]
[Black "Gawronek, Jozef"]
[Result "1-0"]
[WhiteElo "1936"]
[BlackElo "2020"]
[Annotator "Dalej zapisy nieczytelne"]
[PlyCount "43"]
[EventDate "2006.??.??"]

1. e4 e5 2. Nf3 Nc6 3. Nc3 Nf6 4. Bb5 Bc5 5. O-O d6 6. d4 exd4 7. Nxd4 Bd7 8.
Nb3 Bb6 9. Bg5 h6 10. Bh4 g5 11. Bg3 h5 12. h4 Ng4 13. hxg5 Qxg5 14. Qd2 Qg7
15. Bh4 Rg8 16. Nd5 Nxf2 17. Nf6+ Qxf6 18. Bxf2 Bxf2+ 19. Rxf2 Qxb2 20. Raf1
O-O-O 21. Rxf7 h4 22. Qd5 1-0

[Event "DMSl_2006_LSS_R3"]
[Site "SZSzach"]
[Date "2006.02.26"]
[Round "3.24"]
[White "Szydlowska, Malgorzata"]
[Black "Nowakowska, Agnieszka"]
[Result "1-0"]
[WhiteElo "1931"]
[BlackElo "1757"]
[PlyCount "37"]
[EventDate "2006.??.??"]

1. e4 c6 2. d4 d5 3. Nd2 dxe4 4. Nxe4 Nd7 5. Nf3 Ndf6 6. Ng3 Bg4 7. c3 e6 8. h3
Bxf3 9. Qxf3 Bd6 10. Bd3 Ne7 11. Bg5 Ned5 12. Nh5 O-O 13. c4 Qa5+ 14. Kf1 Nb4
15. Nxf6+ gxf6 16. Bxf6 h5 17. c5 Nxd3 18. Qxh5 Nf4 19. Qh8# 1-0

[Event "DMSl_2006_LSS_R3"]
[Site "SZSzach"]
[Date "2006.02.26"]
[Round "3.25"]
[White "Szczepkowska, Karina"]
[Black "Latka, Wieslaw"]
[Result "1-0"]
[WhiteElo "2290"]
[BlackElo "2106"]
[PlyCount "63"]
[EventDate "2006.??.??"]

1. e4 d5 2. exd5 Qxd5 3. Nc3 Qa5 4. d4 Nf6 5. Bc4 c6 6. Nf3 Bf5 7. Qe2 e6 8.
Bd2 Bb4 9. Ne5 Nbd7 10. Nxd7 Nxd7 11. a3 O-O 12. g4 Bg6 13. h4 h6 14. h5 Bh7
15. Rg1 Nb6 16. g5 Nxc4 17. Qxc4 Bxc3 18. Bxc3 Qd5 19. Qxd5 exd5 20. g6 fxg6
21. hxg6 Rae8+ 22. Kf1 Re6 23. gxh7+ Kxh7 24. Re1 Rxe1+ 25. Kxe1 g5 26. Bd2
Re8+ 27. Kf1 Re4 28. c3 Rh4 29. Kg2 Rg4+ 30. Kh2 Re4 31. Re1 Rxe1 32. Bxe1 1-0

[Event "DMSl_2006_LSS_R3"]
[Site "SZSzach"]
[Date "2006.02.26"]
[Round "3.26"]
[White "Marzec, Jaroslaw"]
[Black "Szwed, Jacek"]
[Result "0-1"]
[WhiteElo "2095"]
[BlackElo "2202"]
[PlyCount "112"]
[EventDate "2006.??.??"]

1. f4 Nf6 2. c4 g6 3. d4 c6 4. Nc3 d5 5. e3 Bg7 6. Nf3 O-O 7. Bd3 dxc4 8. Bxc4
c5 9. d5 e6 10. dxe6 Qxd1+ 11. Nxd1 Bxe6 12. Bxe6 fxe6 13. Ng5 Re8 14. Nc3 e5
15. O-O exf4 16. exf4 Nc6 17. f5 gxf5 18. Rxf5 Nd4 19. Rf1 Ne2+ 20. Nxe2 Rxe2
21. Nf3 Rae8 22. Rb1 Nd5 23. a3 Rc2 24. Rf2 Ree2 25. Rxe2 Rxe2 26. Kf1 Rc2 27.
Ne1 Rc4 28. g3 b6 29. Kg2 Rd4 30. Kf3 Kf7 31. h4 Kg6 32. g4 Bf6 33. h5+ Kf7 34.
Bh6 Bg7 35. Bxg7 Kxg7 36. Ng2 Kf6 37. Re1 Rd2 38. Re2 Rxe2 39. Kxe2 Kg5 40. Kf3
c4 41. Kg3 Nf6 42. Ne3 b5 43. Kf3 a6 44. Kg3 Ne4+ 45. Kf3 Nc5 46. Kg3 Nd3 47.
Nd1 a5 48. Nc3 b4 49. Ne4+ Kh6 50. Kh4 Nxb2 51. Nc5 Kg7 52. axb4 axb4 53. Kg5
c3 54. Ne6+ Kg8 55. Nd4 Nd3 56. Kf6 Ne1 0-1

[Event "DMSl_2006_LSS_R3"]
[Site "SZSzach"]
[Date "2006.02.26"]
[Round "3.27"]
[White "Matuszczyk, Przemyslaw"]
[Black "Binkiewicz, Dariusz"]
[Result "1-0"]
[WhiteElo "1971"]
[BlackElo "2094"]
[PlyCount "71"]
[EventDate "2006.??.??"]

1. e4 e6 2. d4 d5 3. Nd2 Nf6 4. e5 Nfd7 5. Bd3 c5 6. c3 Nc6 7. Ne2 Qb6 8. Nf3
cxd4 9. cxd4 Bb4+ 10. Bd2 Bxd2+ 11. Qxd2 Qb4 12. O-O Qxd2 13. Nxd2 Nb4 14. Bb1
Nb6 15. a3 Nc6 16. b4 Bd7 17. Bd3 a6 18. Rfc1 Na4 19. Rc2 Na7 20. Nc3 Rc8 21.
Rac1 Ke7 22. Nxa4 Bxa4 23. Rc7+ Kd8 24. Rxc8+ Nxc8 25. Bc2 Nb6 26. Bxa4 Nxa4
27. Nb3 b6 28. Kf1 Kd7 29. Rc2 Rc8 30. Rxc8 Kxc8 31. Ke2 Kd7 32. Nd2 Kc6 33.
Kd3 Kb5 34. Nb1 a5 35. bxa5 bxa5 36. Kc2 1-0

[Event "DMSl_2006_LSS_R3"]
[Site "SZSzach"]
[Date "2006.02.26"]
[Round "3.28"]
[White "Jablonski, Marcin"]
[Black "Tobolski, Jakub"]
[Result "0-1"]
[WhiteElo "2092"]
[BlackElo "1939"]
[PlyCount "26"]
[EventDate "2006.??.??"]

1. d4 Nf6 2. Nc3 d5 3. Bg5 Bf5 4. e3 Nbd7 5. Nf3 e6 6. Bd3 Bg6 7. e4 h6 8. Bxf6
Nxf6 9. exd5 Bxd3 10. Qxd3 exd5 11. Qb5+ c6 12. Qxb7 Qe7+ 13. Ne5 Qxb7 0-1

[Event "DMSl_2006_LSS_R3"]
[Site "SZSzach"]
[Date "2006.02.26"]
[Round "3.29"]
[White "Walczak, Piotr"]
[Black "Jelen, Janusz"]
[Result "0-1"]
[WhiteElo "2023"]
[BlackElo "1999"]
[PlyCount "72"]
[EventDate "2006.??.??"]

1. c4 Nf6 2. Nc3 d5 3. cxd5 Nxd5 4. d4 Nc6 5. a3 e5 6. dxe5 Nxc3 7. Qxd8+ Kxd8
8. bxc3 Nxe5 9. f4 Ng4 10. h3 Nf6 11. Nf3 h6 12. Ne5 Ke8 13. e3 Bc5 14. Bc4 Be6
15. Bxe6 fxe6 16. c4 Rd8 17. O-O Ne4 18. Kh2 Rg8 19. Rb1 b6 20. Rb3 a5 21. Nd3
Be7 22. Nf2 Nc5 23. Rc3 g5 24. e4 Bf6 25. e5 Be7 26. Rg3 Rd4 27. Ng4 Ne4 28.
Rgf3 h5 29. Nh6 Rg6 30. fxg5 Nxg5 31. Bxg5 Rxg5 32. Nf7 Rg7 33. Nh8 Rd2 34. Rg3
Rxg3 35. Kxg3 Rd3+ 36. Kf4 Rxa3 0-1

[Event "DMSl_2006_LSS_R3"]
[Site "SZSzach"]
[Date "2006.02.26"]
[Round "3.31"]
[White "Mrozek, Przemyslaw"]
[Black "Duda, Lukasz"]
[Result "1/2-1/2"]
[WhiteElo "2213"]
[BlackElo "2171"]
[PlyCount "62"]
[EventDate "2006.??.??"]

1. Nf3 d6 2. g3 g6 3. Bg2 Bg7 4. O-O e5 5. d3 Nc6 6. c4 h6 7. Nc3 Be6 8. e4 Qd7
9. Nd5 Nd8 10. Re1 c6 11. Ne3 Ne7 12. b3 O-O 13. Bb2 c5 14. Qd2 f5 15. Nd5 g5
16. Nxe7+ Qxe7 17. exf5 Bxf5 18. h4 Ne6 19. hxg5 hxg5 20. b4 b6 21. bxc5 bxc5
22. Rab1 Rab8 23. Ba1 Bf6 24. Qc2 Qh7 25. Rxb8 Rxb8 26. Rb1 Qc7 27. Nd2 g4 28.
Ne4 Be7 29. Rxb8+ Qxb8 30. Qb3 Qb6 31. Bc3 Kf7 1/2-1/2

[Event "DMSl_2006_LSS_R3"]
[Site "SZSzach"]
[Date "2006.02.26"]
[Round "3.32"]
[White "Turlej, Lukasz"]
[Black "Cudnik, Andrzej"]
[Result "1-0"]
[WhiteElo "2122"]
[BlackElo "2086"]
[PlyCount "69"]
[EventDate "2006.??.??"]

1. d4 Nf6 2. c4 c5 3. d5 b5 4. cxb5 a6 5. bxa6 g6 6. Nc3 Bg7 7. Nf3 d6 8. e4
O-O 9. Be2 Nxa6 10. O-O Qb6 11. Nd2 Nc7 12. Nc4 Qb8 13. f4 Nd7 14. e5 dxe5 15.
fxe5 Nxe5 16. d6 exd6 17. Qxd6 Ne6 18. a4 Ba6 19. Qxb8 Rfxb8 20. Nxe5 Bxe5 21.
Re1 Bd4+ 22. Kf1 Kg7 23. Ra3 Rb4 24. a5 Bxe2+ 25. Rxe2 Ra6 26. Ke1 c4 27. Rc2
Bc5 28. Nd5 Rb5 29. Ra4 Bg1 30. Nc3 Nc5 31. Rxc4 Nd3+ 32. Kf1 Bxh2 33. Bd2 Bf4
34. Ke2 Bxd2 35. Kxd2 1-0

[Event "DMSl_2006_LSS_R3"]
[Site "SZSzach"]
[Date "2006.02.26"]
[Round "3.33"]
[White "Miszczak, Dariusz"]
[Black "Gmaj, Krzysztof"]
[Result "0-1"]
[WhiteElo "2127"]
[BlackElo "2096"]
[Annotator "dalej zapisy nieczytelne"]
[PlyCount "84"]
[EventDate "2006.??.??"]

1. e4 e6 2. d4 d5 3. Nd2 Be7 4. Bd3 c5 5. c3 cxd4 6. cxd4 dxe4 7. Nxe4 Nf6 8.
Nf3 Nbd7 9. O-O O-O 10. Ne5 Nxe4 11. Bxe4 Nf6 12. Bf3 Nd5 13. Qb3 Bf6 14. Rd1
b6 15. Bd2 Bb7 16. Rac1 Qd6 17. Nc4 Qb8 18. Ne3 Rd8 19. Nxd5 Bxd5 20. Bxd5 Rxd5
21. Be3 Qd6 22. Qa4 Ra5 23. Qc4 h6 24. f4 Rd8 25. Rd3 Rd5 26. Rcd1 b5 27. Qc3
a6 28. Kf2 Qd7 29. Ke2 Qb7 30. Qe1 Qd7 31. Qf2 b4 32. b3 Qb5 33. Kf3 Rc8 34.
R3d2 Rc3 35. Qe2 Qc6 36. Kf2 Rd8 37. Rd3 Rc8 38. Rxc3 bxc3 39. Qc2 Qd5 40. Rd3
a5 41. Rd1 Qb7 42. Rd3 Be7 0-1